000 01289cad a22002775a 4500
001 L158237
008 121204s2014 xxk f 000 0 eng d
020 _a9781783210565
035 _a(Sirsi) u158237
041 0 _aeng
110 2 _aRoyal Institution of Chartered Surveyors
_94900
245 0 0 _aMethodology to calculate embodied carbon
_h[archived]
250 _a1st ed.
260 _aLondon
_bRICS
_c2014
490 0 _aRICS Information Paper
490 0 _aRICS Black Book
520 _aThe main aim of this guidance note is to provide a framework of practical guidance for quantity surveyors on how to calculate embodied carbon emissions associated with their projects. Additionally, some good practice carbon reduction solutions have been listed. This presents an opportunity for the quantity surveyor to offer this advice as part of the standard cost planning service.
520 _aArchived. Please now refer to Whole Life Carbon Assessment
590 _aKA
650 2 4 _aRICS QS AND CONSTRUCTION STANDARDS
650 2 4 _aBLACK BOOK
651 4 _aUnited Kingdom
690 _aQuantity surveying
_96263
856 4 1 _uhttps://www.isurv.com/downloads/download/1911/methodology_to_calculate_embodied_carbon
_zArchived on isurv (subscription required)
942 _n0
_2ddc
999 _c115218
_d115218